000 00384nam a2200145Ia 4500
008 210716s2010 xx 000 0 und d
020 _a9780849346330
041 _aeng
082 _a005.368 KANR
100 _aKandt, Ronald Kirk.
245 _aSoftware engineering quality practices.
250 _a1
260 _aNew Delhi
_bYes Dee Publishing Pvt Ltd
_c2010
300 _axxii,255
999 _c193557
_d193557